Manual de ergonomía y seguridad / (Registro nro. 3722)
[ vista simple ]
| 000 -LEADER | |
|---|---|
| fixed length control field | 00880nam a22002657a 4500 |
| 003 - CONTROL NUMBER IDENTIFIER | |
| control field | PE SENCICO BE |
| 005 - DATE AND TIME OF LATEST TRANSACTION | |
| control field | 20251020182623.0 |
| 008 - FIXED-LENGTH DATA ELEMENTS--GENERAL INFORMATION | |
| fixed length control field | 221222b |||||||| |||| 00| 0 eng d |
| 020 ## - INTERNATIONAL STANDARD BOOK NUMBER | |
| International Standard Book Number | 978-958-778-348-3 |
| 040 ## - CATALOGING SOURCE | |
| Original cataloging agency | PE SENCICO BE |
| Transcribing agency | PE SENCICO BE |
| 041 ## - LANGUAGE CODE | |
| Language code of text/sound track or separate title | spa |
| 082 ## - DEWEY DECIMAL CLASSIFICATION NUMBER | |
| Classification number | 658.38 |
| Item number | R92 |
| 100 1# - MAIN ENTRY--PERSONAL NAME | |
| 9 (RLIN) | 347 |
| Personal name | Rueda Ortiz, Maury Javier |
| Relator term | autor |
| 245 1# - TITLE STATEMENT | |
| Title | Manual de ergonomía y seguridad / |
| Statement of responsibility, etc. | Maury Javier Rueda Ortiz, Mónica Zambrano Vélez |
| 250 ## - EDITION STATEMENT | |
| Edition statement | 2a ed. |
| 260 ## - PUBLICATION, DISTRIBUTION, ETC. | |
| Place of publication, distribution, etc. | Bogotá: |
| Name of publisher, distributor, etc. | Alfaomega, |
| Date of publication, distribution, etc. | 2018 |
| 300 ## - PHYSICAL DESCRIPTION | |
| Extent | xvii, 265 p. : |
| Other physical details | il. ; |
| Dimensions | 24 cm. |
| 650 14 - SUBJECT ADDED ENTRY--TOPICAL TERM | |
| 9 (RLIN) | 96 |
| Topical term or geographic name entry element | Seguridad industrial |
| 650 24 - SUBJECT ADDED ENTRY--TOPICAL TERM | |
| 9 (RLIN) | 348 |
| Topical term or geographic name entry element | Accidentes de trabajo |
| 650 24 - SUBJECT ADDED ENTRY--TOPICAL TERM | |
| 9 (RLIN) | 349 |
| Topical term or geographic name entry element | Ergonomía |
| 650 20 - SUBJECT ADDED ENTRY--TOPICAL TERM | |
| 9 (RLIN) | 348 |
| Topical term or geographic name entry element | Accidentes de trabajo |
| General subdivision | Prevención |
| 700 1# - ADDED ENTRY--PERSONAL NAME | |
| 9 (RLIN) | 350 |
| Personal name | Zambrano Vélez, Mónica |
| Relator term | autor |
| 910 ## - USER-OPTION DATA (OCLC) | |
| -- | hfp |
| -- | hfp |
| 942 ## - ADDED ENTRY ELEMENTS (KOHA) | |
| Source of classification or shelving scheme | Dewey Decimal Classification |
| Koha item type | Libros |
| Edition | 2018 |
| Classification part | 658.38 |
| Item part | R92 |
| Fecha de la última vez que lo usaron | Número de ingreso o de inventario | Pago total | Signatura topográfica completa | Precio efectivo desde | Tipo de documento | Estado perdido | Sistema de clasificación | Estado dañado | No es para préstamo | Retirado | Ubicación permanente | Ubicación actual | Fecha de adquisición |
|---|---|---|---|---|---|---|---|---|---|---|---|---|---|
| 22/12/2022 | 16370 | 658.38/R92/2018 | 22/12/2022 | Libros | Dewey Decimal Classification | Biblioteca Central Lima | Biblioteca Central Lima | 22/12/2022 |